Online Catalogue and eLibrary

Invisible no more : (Record no. 2636)

MARC details
000 -LEADER
fixed length control field 00372nam a2200145Ia 4500
005 - DATE AND TIME OF LATEST TRANSACTION
control field 20240408024702.0
008 - FIXED-LENGTH DATA ELEMENTS--GENERAL INFORMATION
fixed length control field 240331s9999 xx 000 0 und d
020 ## - INTERNATIONAL STANDARD BOOK NUMBER
ISBN 9221079939
082 ## - DDC Classification
Item Number - Author Mark INV
Class No. 331.4
245 #0 - TITLE STATEMENT
Title Invisible no more :
Remainder of title The story of home-based workers
260 ## - PUBLICATION, DISTRIBUTION, ETC.
Place of publication, distribution, etc. India :
Name of publisher, distributor, etc. ILO Publications /
Date of publication, distribution, etc. 1991
300 ## - PHYSICAL DESCRIPTION
Extent (e.g. Volumes, Pages etc.) 20 p.,
650 ## - SUBJECT ADDED ENTRY--TOPICAL TERM
Topical term or geographic name entry element Women
942 ## - Koha item type (Biblio)
Koha item type Books in Stacks (Lending)
Holdings
Lost status Damaged status Collection code Home library Current library Shelving location Date acquired Full call number Accession Number Item type
    Lending WERC Library WERC Library Social Science Cupboard 03/31/2024 331.4 INV 713 Books in Stacks (Lending)

© WERC Library